000
00173 a2200085 4500
020
_a
978-9881296979
100
_a
Jialin Tong
245
_a
Interior Landscape
260
_c
2014
999
_c
11208
_d
11208